Correctional officer recruitment in Canada’s federal prison system: an analysis from the perspective of the correctional officer

Guardado en:  
Detalles Bibliográficos
Autores principales: Ricciardelli, Rose 1979- (Autor) ; Siqueira Cassiano, Marcella (Autor) ; Spencer, Dale C. (Autor) ; Zehtab Jadid, Ayla (Autor)
Tipo de documento: Electrónico Artículo
Lenguaje:Inglés
Publicado: 2023
En: Prison service journal
Año: 2023, Volumen: 267, Páginas: 56-65
Acceso en línea: Volltext (kostenfrei)
Verificar disponibilidad: HBZ Gateway
Palabras clave:

MARC

LEADER 00000caa a22000002c 4500
001 1916320031
003 DE-627
005 20251021121716.0
007 cr uuu---uuuuu
008 250204s2023 xx |||||o 00| ||eng c
035 |a (DE-627)1916320031 
035 |a (DE-599)KXP1916320031 
040 |a DE-627  |b ger  |c DE-627  |e rda 
041 |a eng 
084 |a 2,1  |2 ssgn 
100 1 |a Ricciardelli, Rose  |d 1979-  |e VerfasserIn  |0 (DE-588)1052916236  |0 (DE-627)789297159  |0 (DE-576)310916380  |4 aut 
109 |a Ricciardelli, Rose 1979-  |a Ricciardell, Rose 1979-  |a Ricciardelli, Rosemary 1979- 
245 1 0 |a Correctional officer recruitment in Canada’s federal prison system  |b an analysis from the perspective of the correctional officer  |c Rosemary Ricciardelli, Marcella Siqueira Cassiano, Dale C. Spencer, Ayla Zehtab Jadid 
264 1 |c 2023 
336 |a Text  |b txt  |2 rdacontent 
337 |a Computermedien  |b c  |2 rdamedia 
338 |a Online-Ressource  |b cr  |2 rdacarrier 
650 4 |a Strafvollzug 
650 4 |a Vollzugsbediensteter 
650 4 |a Empirische Forschung 
650 4 |a Kanada 
700 1 |a Siqueira Cassiano, Marcella  |e VerfasserIn  |4 aut 
700 1 |a Spencer, Dale C.  |e VerfasserIn  |0 (DE-588)1105069303  |0 (DE-627)862454050  |0 (DE-576)372166245  |4 aut 
700 1 |a Zehtab Jadid, Ayla  |e VerfasserIn  |4 aut 
773 0 8 |i Enthalten in  |t Prison service journal  |d London : Centre for Crime and Justice Studies, 2010  |g 267(2023), Seite 56-65  |h Online-Ressource  |w (DE-627)835889491  |w (DE-600)2835219-1  |w (DE-576)445663979  |7 nnas 
773 1 8 |g volume:267  |g year:2023  |g pages:56-65 
856 4 0 |u https://www.crimeandjustice.org.uk/sites/default/files/PSJ%20267%2C%20Correctional%20Officer%20Recruitment.pdf  |x Verlag  |z kostenfrei  |3 Volltext  |7 0 
951 |a AR 
ELC |a 1 
LOK |0 000 xxxxxcx a22 zn 4500 
LOK |0 001 466073577X 
LOK |0 003 DE-627 
LOK |0 004 1916320031 
LOK |0 005 20251021121716 
LOK |0 008 250204||||||||||||||||ger||||||| 
LOK |0 040   |a DE-21-110  |c DE-627  |d DE-21-110 
LOK |0 092   |o n 
LOK |0 852   |a DE-21-110 
LOK |0 852 1  |9 00 
LOK |0 939   |a 04-02-25  |b l01 
OAS |a 1 
ORI |a SA-MARC-krimdoka001.raw